| Tag |
First Indicator |
Second Indicator |
Subfields |
| LEADER |
00000pam a22000004a 4500 |
| 001 |
in00004500513 |
| 005 |
20210910132320.0 |
| 008 |
041117s2005 paua 001 0 eng |
| 010 |
|
|
|a 2004063357
|
| 016 |
7 |
|
|a 101234417
|2 DNLM
|
| 020 |
|
|
|a 0781758483
|
| 020 |
|
|
|a 0781754844
|
| 035 |
|
|
|a (OCoLC)ocm57142641
|
| 035 |
|
|
|z (UtOrBLW)38780
|
| 035 |
|
|
|a 56153
|
| 040 |
|
|
|a DNLM/DLC
|c DLC
|d YDX
|d NLM
|d TMV
|d UtOrBLW
|
| 042 |
|
|
|a pcc
|
| 049 |
|
|
|a TMVM
|c 1
|
| 050 |
0 |
0 |
|a QM34
|b .T36 2005
|
| 060 |
1 |
0 |
|a QS 130
|b T165g 2005
|
| 060 |
|
4 |
|a QS 130
|b G762h 2005
|
| 082 |
0 |
0 |
|a 611
|2 22
|
| 245 |
0 |
0 |
|a Grant's dissector :
|b [edited by] Patrick W. Tank.
|
| 246 |
3 |
0 |
|a Dissector
|
| 250 |
|
|
|a Thirteenth edition.
|
| 264 |
|
1 |
|a Philadelphia :
|b Lippincott Williams & Wilkins,
|c [2005]
|
| 264 |
|
4 |
|c ©2005
|
| 300 |
|
|
|a xvii, 219 pages :
|b illustrations (chiefly color) ;
|c 31 cm.
|
| 336 |
|
|
|a text
|2 rdacontent
|b txt
|
| 337 |
|
|
|a unmediated
|2 rdamedia
|
| 338 |
|
|
|a volume
|2 rdacarrier
|b nc
|
| 500 |
|
|
|a Revised edition of: Grant's dissector / edited by Eberhardt K. Sauerland, Wanda S. Sauerland. 12th edition c1999.
|
| 500 |
|
|
|a Includes index.
|
| 505 |
0 |
|
|a The back -- The upper limb -- The thorax -- Abdomen -- The pelvis and perineum -- The lower limb -- The head and neck
|
| 650 |
|
2 |
|a Dissection.
|
| 655 |
|
2 |
|a Laboratory Manual.
|
| 700 |
1 |
|
|a Grant, J. C. Boileau
|q (John Charles Boileau),
|d 1886-1973.
|
| 700 |
1 |
|
|a Sauerland, Eberhardt K.,
|d 1933-
|t Grant's dissector.
|
| 999 |
|
|
|a MARS
|
| 999 |
f |
f |
|s 445c9354-b333-32d5-96ba-4200c603d653
|i 9566a0dc-ae06-31a8-983d-60c1ad3d1c7d
|t 0
|
| 952 |
f |
f |
|p ric
|a Texas A&M University
|b Rellis Campus
|c Joint Library Facility
|d Remote Storage
|t 0
|e QS 130 G762h 2005
|h National Library of Medicine classification
|i unmediated -- volume
|m 323890188459H
|
| 998 |
f |
f |
|a QS 130 G762h 2005
|t 0
|l Remote Storage
|